000 00604nam a22002297a 4500
003 UA-OsUOA
001 95826
007 ta
008 20130311b un ||||| |||| 00| 0 ukr d
100 _aІрасек А.
090 _a821.162.3
_bІ-77
942 _cBK
040 _aUA-OsUOA
_bukr
_cUA-OsUOA
_dUA-OsUOA
245 _aВибрані твори
300 _a261 с.
955 _a3
041 _aukr
080 _a821.162.3
260 _aК.
_bРадянський письменник
_c1951
650 7 _a82 Література. Літературознавство
_2UDC
999 _c382075
_d382075